| 000 | 02251cam a2200409Ii 4500 | ||
|---|---|---|---|
| 001 | ocn974476630 | ||
| 003 | OCoLC | ||
| 005 | 20250418131113.0 | ||
| 008 | 170306s2018 nyua j 6 000 1 eng d | ||
| 020 |
_a9781250159823 _q(hardcover) |
||
| 020 |
_a1250159822 _q(hardcover) |
||
| 020 |
_a9781626728332 _q(paperback) |
||
| 020 |
_a162672833X _q(paperback) |
||
| 035 |
_a(OCoLC)974476630 _z(OCoLC)974480966 _z(OCoLC)974547611 _z(OCoLC)974553147 |
||
| 035 | _a1459771 | ||
| 040 |
_aYDX _beng _erda _cYDX _dCHILD _dWIM _dBDX _dOCLCO _dOCLCF _dOCLCQ _dOCLCO _dUAP _dGK8 _dOQX _dDAD |
||
| 043 | _an-us--- | ||
| 092 |
_ajunior graphic _bGigi |
||
| 100 | 0 |
_aGigi D. G. _c(Artist), _eauthor, _eartist. _96401502 |
|
| 245 | 1 | 4 |
_aThe Ripple Kingdom / _cGigi D.G. |
| 250 | _aFirst edition. | ||
| 264 | 1 |
_aNew York : _bFirst Second Books, _c2018. |
|
| 300 |
_a233 pages : _bcolor illustrations ; _c22 cm. |
||
| 336 | _atext | ||
| 336 | _astill image | ||
| 337 | _aunmediated | ||
| 338 | _avolume | ||
| 490 |
_aCucumber quest ; _v2. |
||
| 520 | _a"The quest to save Dreamside continues! After a surprise attack at sea, Cucumber finds himself in the Ripple Kingdom, home to white sand, blue waves ... oh yeah, and the giant, terrible squid monster holding Almond and Sir Carrot captive. Can our so-called "legendary hero" rescue his companions from the nefarious Splashmaster? Nah, probably not. Good thing Princess Nautilus is here! With her wit, charm, and positive attitude, there's no way they can lose. But saving the day won't be as simple as it seems once a 500,000-year-old secret comes to light ... Adapted from the popular webcomic series of the same name, Cucumber Quest: The Ripple Kingdom is the second book of a clever, adorable, and hilarious four-volume heroic adventure that is sure to make you hungry for sweets and action."-- | ||
| 650 | 0 |
_aHeroes _vJuvenile fiction. |
|
| 650 | 0 |
_aQuests (Expeditions) _vJuvenile fiction. _95675013 |
|
| 650 | 0 |
_aBrothers and sisters _vJuvenile fiction. _95674032 |
|
| 650 | 0 |
_aGiant squids _vJuvenile fiction. _95796543 |
|
| 655 | 7 |
_aAction and adventure comics. _2lcgft. _95716592 |
|
| 655 | 7 |
_aGraphic novels. _2lcgft. |
|
| 942 |
_2ddc _cBOOK |
||
| 999 |
_c407148 _d407148 |
||